L'eau, l'énergie : des ressources à protéger - 5ème - Statistiques

Statistiques générales
  • Ce quiz a été pris 149 fois
    148 depuis la dernière actualisation
  • Le résultat moyen est 6 sur 10
Statistiques - réponses
Question Réponse % Correct
Quel est le premier secteur consommateur d'eau douce ? L'agriculture.
87%
Quel type d'installation utilise les eaux des fleuves pour produire de l'énergie ? Les barrages.
81%
Quel type d'énergie est considéré comme une énergie renouvelable ? Biomasse.
79%
Quel est le principal inconvénient des énergies fossiles ? Pollution.
74%
Laquelle de ces citations de JCVD comporte un fond de bon sens ? "J'adore l'eau, dans 20/30 ans y en aura plus".
62%
Quel énergie est la plus utilisée en France ( en 2019 ) ? Nucléaire.
50%
Quel pourcentage de l'eau sur Terre est douce et accessible ? Moins d'1%.
48%
Quel est le principal inconvénient des énergies renouvelables ? Faible rendement.
35%
Quel pourcentage de la population égyptienne vit proche du Nil ? 95%
30%
Quel continent consomme le plus d'énergie ? Asie.
29%
Aucun quiz correspondant
Distribution des résultats
% des personnes avec chaque résultat
Percentile par nombre de réponses
Votre historique - résultats
Vous n’avez pas pris ce quiz depuis la dernière actualisation